03373cam a2200277Ii 450000500170000000800410001702000270005803501730008504000500025804100080030806000160031624501140033225000180044626000610046430000380052550516830056352005280224665000360277465000440281065000480285465000420290270000280294470000260297270000280299885600690302620180308102228.0180131s2018 paua rbf 000 0 eng d a9780323476713 (4a.Ed.) a(OCoLC)987250371z(OCoLC)1002017331z(OCoLC)1004483116z(OCoLC)1004800157z(OCoLC)1004971693z(OCoLC)1005051738z(OCoLC)1008909175z(OCoLC)1011233349z(OCoLC)1013734360 aCO-BoUCMbspacSandra PalaciodSandra Palacio0 aeng 4aWG 141.5.C204aThe interventional cardiac catheterization handbookceditado por Morton J. Kern, Paul Sorajja, Michael J. Lim a4a. Edición aFiladelfia (Pensilvania, Estados Unidos)bElsevierc2018 axvi, 512 páginasbilustraciones0 aThe basics of percutaneous coronary interventions / Morton J. Kern -- Vascular access / Morton J. Kern, Arnold H. Seto and Michael Forsberg -- Interventional pharmacology / Arnold H. Seto -- Intravascular lesion assessment : physiology and imaging / Morton J. Kern and Michael J. Lim -- Adjunctive devices for non-balloon coronary interventional techniques and devices : rotational atherectomy, thrombectomy, cutting balloons, and embolic protection / Keval K. Patel, Rahil Rafeedheen, and Tarek Helmy -- Stents, restenosis, and stent thrombosis / Cheng-Han Chen and Ajay J. Kirtane -- Treatment of coronary bifurcations / Emmanouil S. Brilakis, Yves Louvard, Philippe Genereux, Subhash Banerjee -- Percutaneous coronary interventions of chronic total occlusions : getting there from here / Barry F. Uretsky, Emmanouil Brilakis, Mauro Carlino, and Stephane Rinfret -- High risk patients and interventions / Arang Samim and Ryan Berg -- Complications of percutaneous coronary interventions / Michael J. Lim -- Peripheral vascular intervention / Andrew J Klein Ammar Nasir and Pranav M. Patel -- Aortic, renal, subclavian and carotid interventions / Jose D. Tafur and Christopher J. White -- Mitral Stenosis / Paul Sorajja -- Mitral regurgitation / Gagan D. Singh and Jason H. Rogers -- Transcatheter aortic valve replacement and balloon aortic valvuloplasty / Anoop Agrawal and James Hermiller -- Congenital Defects / Ziyad Hijazi -- Pericardiocentesis / Paul Sorajja -- Septal ablation for obstructive hypertrophic cardiomyopathy / Paul Sorajja -- Percutaneous repair of paravalvular prosthetic regurgitation / Paul Sorajja -- Left atrial appendage therapies / Matthew J. Price. a"Packed with useful information, The Interventional Cardiac Catheterization Handbook, 4th Edition, by Drs. Morton J. Kern, Michael J. Lim, and Paul Sorajja, is the perfect hands-on resource for physicians, nurses, and technicians who need to understand and perform these complex procedures. Easy-to-read text, hundreds of clear images, and narrated videos from Dr. Kern ensure that health care workers at all levels have quick access to easily accessible guidelines on procedures and patient care"--Publisher's description.17aCateterismo cardiaco vManuales17aCateterismo cardiaco vEstudio de casos27aEnfermedades cardiovasculares xCataterismo27aEnfermedades coronarias xCataterismo1 aKern, Morton J.eeditor1 aSorajja, Pauleeditor1 aLim, Michael J.eeditor uhttps://expertconsult.inkling.com/read/zMaterial complementario